00892nam a2200241 a 450000100060000000300080000600500170001400800410003103500190007204000270009104100080011808200280012624501230015426000430027730000180032050000740033850400300041250500950044265000210053770000420055870000190060070000310061941967BD-RjUL20211209053457.0160608m19681970ii b 001 0 eng d a(BD-RjUL)42085 aDLCcDLCdBD-RjULbeng aeng a329.00954219bFOU 197000aFourth general election in India /ceditors, S.P. Varma, Iqbal Narain ; associate editors, C.P. Bhambhri ... [et al.]. aBombay :bOrient Longmans,c1968-1970. a2 v. ;c25 cm a"Originally formed a special number of the Political science review." aBibliographical footnotes0 av. 1. Political surveys.--v. 2. Fourth general election and political development in India 0aElectionszIndia1 aVarma, S. P.q(Shanti Prasad),d1910-1 aNarain, Iqbal.1 aBhambhri, Chandra Prakash.